| 000 | 00690nam a22002177a 4500 | ||
|---|---|---|---|
| 003 | UA-OsUOA | ||
| 001 | 54460 | ||
| 007 | ta | ||
| 008 | 20080612b un ||||| |||| 00| 0 ukr d | ||
| 100 | _aСолом'янова-Кирильчук К.О. | ||
| 090 |
_a330 _bС-12 |
||
| 942 | _cSA | ||
| 040 |
_aUA-OsUOA _bukr _cUA-OsUOA _dUA-OsUOA |
||
| 245 | _aСанаційний потенціал, як ключова категорія кризового менеджменту | ||
| 300 | _aС.20-23 | ||
| 955 | _a0 | ||
| 041 | _aukr | ||
| 080 | _a330 | ||
| 773 | 0 |
_w54459 _tЕкономіка. Фінанси. Право. _dК. _d2008 _g4 |
|
| 650 | 7 |
_a330 Економіка взагалі _2UDC |
|
| 999 |
_c340332 _d340332 |
||